00390nam a2200109Ia 4500008004100000100003000041245007700071260003600148300001800184650001000202856006800212160712s9999 xx 000 0 und d aYanila Aquino, Lalaine F. cLalaine F. Yanilla AquinoaOrange Roses, Pink Carabaos, and Brown Nanays c2011bReview of Women's Studies avol. 21 no. 1 xWOMEN uhttp://journals.upd.edu.ph/index.php/rws/issue/view/441/showToc